Is it Possible? - Statistics

General Stats
  • This quiz has been taken 69,105 times
  • The average score is 11 of 15
Answer Stats
Question Answer % Correct
For a person to have two different color eyes Yes
99%
To see radio waves No
88%
To commit suicide by simply holding your breath No
85%
For lions and tigers to breed with each other Yes
84%
For bees and wasps to breed with each other No
82%
For a woman to become a Catholic priest, under current rules No
82%
To convert to Judaism Yes
78%
To see Saturn with the naked eye Yes
75%
To legally keep an iguana as a pet in the U.S. Yes
73%
For Arnold Schwarzenegger to become President of the U.S., under the current Constitution No
70%
To perfectly measure a particle's position and velocity No
68%
For grizzly bears and polar bears to breed with each other Yes
61%
To score 179 points with three throws in darts No
58%
For twins to have different fathers Yes
57%
To solve every Rubik's Cube position in 10 moves or less No
42%
No matching quizzes found
Score Distribution
Percent of People with Each Score
Percentile by Number Answered
Your Score History
You have not taken this quiz